000 00746nas a2200277 4500
001 BR0707444
003 BR-BrBNA
005 20231205111043.0
007 ta
008 230509b bl.|||p| |||| 00| 00por d
040 _aBR-BrBNA
_bpor
_cBiblioteca Nacional de Agricultura
041 _a(Pt)
072 _aE71
100 1 _aNasser, A.M.
100 1 _aTachinardi, M.H.
245 1 _aRodada Doha; avanço protecionista
650 _aMERCADO MUNDIAL
650 _aTAXA
650 _aSUBSÍDIO
650 _aGATT
650 _aCOMÉRCIO EXTERIOR
650 _aMERCOSUL
773 0 _tAgroanalysis (Brazil)
_xISSN 0100-4298
_g(Jul 2007), v. 27(7) p. 24-25
_wBR0707444
909 _a202311
_bLúcia
_c55
_dLúcia Elande
942 _2AGRIS
_n0
_cANA
999 _c190359
_d190359